Todos los jugadores de la era Gallardo en River - Estadísticas

Estadísticas generales
  • Esta prueba ha sido intentada 20 veces
  • La puntuación promedio es 77 de 162
Estadísticas de respuestas
Partidos Nombres % Correcto
53 Enzo Fernández
100%
235 Enzo Pérez
100%
280 Franco Armani
100%
186 Gonzalo Martínez
100%
69 Héctor David Martínez
100%
17 Tomás Martínez
100%
8 Enzo Díaz
93%
184 Gonzalo Montiel
93%
230 Ignacio Fernández
93%
189 Jonatan Maidana
93%
122 Julián Álvarez
93%
213 Leonardo Ponzio
93%
152 Lucas Martínez Quarta
93%
94 Marcelo Barovero
93%
288 Milton Casco
93%
151 Paulo Díaz
93%
144 Sebastián Driussi
93%
1 Alan Díaz
86%
146 Javier Pinola
86%
126 Juan Fernando Quintero
86%
82 Lucas Alario
86%
109 Lucas Pratto
86%
58 Marcos Acuña
86%
91 Miguel Borja
86%
72 Facundo Colidio
79%
42 Franco Mastantuono
79%
6 Jeremías Conan Ledesma
79%
42 Lucas Beltrán
79%
31 Manuel Lanzini
79%
67 Ramiro Funes Mori
79%
8 Santiago Beltrán
79%
91 Ariel Rojas
71%
51 Augusto Batalla
71%
7 Ezequiel Centurión
71%
1 Facundo González
71%
33 Fernando Cavenaghi
71%
77 Gabriel Mercado
71%
82 Germán Pezzella
71%
90 Ignacio Scocco
71%
73 Leonardo Pisculichi
71%
70 Leonel Vangioni
71%
31 Luis González
71%
8 Matías Rojas
71%
176 Nicolás De la Cruz
71%
149 Rafael Santos Borre
71%
78 Robert Rojas
71%
68 Carlos Sánchez
64%
19 Claudio Echeverri
64%
41 Eder Álvarez Balanta
64%
18 Enrique Bologna
64%
29 Germán Lux
64%
98 Matías Kranevitter
64%
118 Matías Suárez
64%
2 Pablo Aimar
64%
140 Rodrigo Mora
64%
8 Aníbal Moreno
57%
135 Camilo Mayada
57%
3 Denis Rodríguez
57%
87 Exequiel Palacios
57%
43 Fabricio Bustos
57%
19 Guido Rodríguez
57%
26 Ian Subiabre
57%
18 Juan Carlos Portillo
57%
22 Lautaro Rivero
57%
24 Maximiliano Salas
57%
7 Nahuel Gallardo
57%
7 Fausto Vera
50%
49 Federico Girotti
50%
4 Joaquín Freitas
50%
34 Marcelo Andrés Herrera
50%
30 Marcelo Saracchi
50%
14 Matías Galarza Fonda
50%
5 Nicolás Fonseca
50%
52 Rodrigo Aliendro
50%
21 Santiago Sosa
50%
39 Teófilo Gutiérrez
50%
16 Tomás Galván
50%
14 Adam Bareiro
43%
91 Agustín Palavecino
43%
8 Agustín Ruberto
43%
39 Augusto Solari
43%
120 Bruno Zuculini
43%
47 Cristian Ferreira
43%
31 Elías Gómez
43%
64 Emanuel Mammana
43%
20 Iván Rossi
43%
81 Jorge Carrascal
43%
8 Juan Cruz Meza
43%
3 Kendry Páez
43%
70 Leandro González Pirez
43%
44 Maximiliano Meza
43%
43 Pablo Solari
43%
18 Rodrigo Villagra
43%
26 Santiago Lencina
43%
2 Santiago Vera
43%
45 Esequiel Barco
36%
42 Giuliano Galoppo
36%
39 Iván Alonso
36%
58 Jorge Moreira
36%
40 Kevin Castaño
36%
14 Marcelo Larrondo
36%
6 Matías Viña
36%
33 Tomás Andrade
36%
1 Ulises Giménez
36%
1 Agustín De La Cuesta
29%
15 Agustín Fontana
29%
30 Andrés D'Alessandro
29%
34 Benjamín Rollheiser
29%
52 Braian Romero
29%
42 Carlos Auzqui
29%
3 Cristian Jaime
29%
3 Elías López
29%
3 Franco López
29%
3 Giorgio Costantini
29%
7 Gonzalo Tapia
29%
16 Javier Saviola
29%
59 José Paradela
29%
19 Julio Chiarini
29%
23 Nicolás Bertolo
29%
24 Nicolás Domingo
29%
111 Santiago Simón
29%
6 Sebastián Boselli
29%
4 Thiago Acosta
29%
24 Tomás Pochettino
29%
19 Alex Vigo
21%
20 Arturo Mina
21%
2 Daniel Zabala
21%
2 Ezequiel Cirigliano
21%
16 Giovanni Simeone
21%
4 Juan Bautista Dadín
21%
4 Juan Cruz Kaprof
21%
4 Kevin Sibille
21%
37 Lucas Boyé
21%
16 Luciano Lollo
21%
28 Tabaré Viudez
21%
1 Agustín Obregón
14%
7 Bruno Urribarri
14%
1 Federico Andrada
14%
5 Federico Gattoni
14%
11 Felipe Peña Biafore
14%
1 Hernán López Muñoz
14%
3 Abel Casquete
7%
6 Alexander Barboza
7%
1 Augusto Aguirre
7%
68 Fabrizio Angeleri
7%
1 Franco Paredes
7%
19 Joaquín Arzura
7%
14 Leandro Vega
7%
1 Martín Aguirre
7%
4 Matías Moya
7%
8 Osmar Ferreyra
7%
3 Tomás Lecanda
7%
1 Zacarías Morán Correa
7%
2 Alan Marcel Picazzo
0%
1 Claudio Salto
0%
1 Daniel Lucero
0%
1 Franco Salomoni
0%
1 Lautaro Arellano
0%
10 Luis Olivera
0%
1 Maximiliano Velazco
0%
5 Pablo Carreras
0%
1 Tomás Castro Ponce
0%
No se encontraron pruebas coincidentes
Distribución de puntuación
Porcentaje de gente con cada puntuación
Porcentaje por número respondido
Historial de tus puntuaciones
No has intentado esta prueba.